01293nai a2200253 u 4500001000800000005001700008008004100025020001800066035001200084040001300096041000800109082000800117100004400125245002900169250001100198260004200209300001800251505051300269650004100782700006200823856012300885942001201008999001901020127895120240129075813.0120410s2011 ||||||i| spa  a9786073202077 a1278951 ccomduadb aspa 4a51510aCarmona Jover, Isabel4auteaut965134410aEcuaciones diferenciales a5. ed. aMéxico :bPearson Education,c2011. a536 páginas aCONTENIDO : ¿Qué son las ecuaciones diferenciales? -- Ecuaciones diferenciales ordinarias de primer orden. -- Aplicaciones de las ecuaciones diferenciales de primer orden. -- Ecuaciones diferenciales de orden superior. -- Aplicaciones de las ecuaciones diferenciales de segundo orden. -- Resolución de ecuaciones diferenciales mediante series. -- Transformadas de Laplace. -- Series de Fourier. -- Métodos numéricos para resolver ecuaciones diferenciales. -- Bibliografía. -- Índice analítico. 7aEcuaciones diferenciales2lemb9462010aFilio López, Ernesto4aut0(viaf)314912320eaut96591264 uhttp://aplicacionesbiblioteca.udea.edu.co:2048/login?url=https://www.bibliotechnia.com.mx/Busqueda/resumen/4987_881750 cBOOKn0 c612520d612520